000 00263nam a2200097Ia 4500
008 230508s2005 xx 000 0 und d
041 _aeng
100 _aJOSHI MADHURI
245 _aELECTRONICS COMPONENTS & MATERIALS 3RD EDN.
260 _bSHROFF PUBLI.&DIST.L
_c2005
999 _c730955
_d730955